Statistiques concernant Eras Tour song

Cliquez ici pour prendre le quiz!

Statistiques générales

  • Ce quiz a été pris 60 fois
  • Le résultat moyen est 31 sur 42

Statistiques - réponses

Songs% Correct
9.Love Story
86%
2.Cruel Summer
84%
7.Fearless
84%
5.Lover
84%
17.Don't Blame Me
81%
19.Enchanted
81%
42.Karma
81%
18.Look What You Made Me Do
81%
1.Miss Americana and the Heartbreak Prince
81%
3.The Man
81%
21.We Are Never Ever Getting Back Together
81%
11.willow
81%
8.You Belong With Me
81%
20.22
78%
35.Bad Blood
78%
32.Blank Space
78%
15....Ready For It?
78%
31.Style
78%
4.You Need To Calm Down
78%
23.All Too Well
76%
37.Anti-Hero
76%
30.cardigan
76%
16.Delicate
76%
22.I Knew You Were Trouble
76%
27.august
73%
38.Midnight Rain
73%
33.
Shake It Off
73%
6.The Archer
73%
40.Bejeweled
70%
13.champagne problems
70%
25.betty
68%
28.illicit affairs
68%
12.marjorie
68%
41.Mastermind
68%
39.Vigilante Shit
68%
34.Wildest Dreams
65%
36.Lavender Haze
59%
29.my tears ricochet
59%
14.tolerate it
59%
26.the last great american dynasty
57%
10.'tis the damn season
54%
24.invisible string
35%

Distribution des résultats

Percentile par nombre de réponses

% des personnes avec chaque résultat

Votre développement - résultats

Vous n’avez pas pris ce quiz